Mapping the Social Landscape (Record no. 5829)

000 -LEADER
fixed length control field 00504nam a22001577a 4500
008 - FIXED-LENGTH DATA ELEMENTS--GENERAL INFORMATION
fixed length control field 171020b xxu||||| |||| 00| 0 eng d
020 ## - INTERNATIONAL STANDARD BOOK NUMBER
International Standard Book Number 0-07-255523-8
082 ## - DEWEY DECIMAL CLASSIFICATION NUMBER
Classification number 301 FRE
100 ## - MAIN ENTRY--PERSONAL NAME
Personal name FREGUSON, S. J
245 ## - TITLE STATEMENT
Title Mapping the Social Landscape
Remainder of title Readings in Socialogy
Statement of responsibility, etc. Susan J. Ferguson
250 ## - EDITION STATEMENT
Edition statement 3rd ed
260 ## - PUBLICATION, DISTRIBUTION, ETC. (IMPRINT)
Place of publication, distribution, etc. New York
Name of publisher, distributor, etc. McGraw-Hill
Date of publication, distribution, etc. 2002
300 ## - PHYSICAL DESCRIPTION
Extent 667p
Dimensions 24cm
650 ## - SUBJECT ADDED ENTRY--TOPICAL TERM
Source of heading or term 1. Social Instruction 2. Socialization 3. Equality 4. Social Change 5. Sociology
942 ## - ADDED ENTRY ELEMENTS (KOHA)
Source of classification or shelving scheme
Koha item type BOOKS
Holdings
Withdrawn status Lost status Source of classification or shelving scheme Damaged status Not for loan Home library Current library Date acquired Total Checkouts Full call number Barcode Date last seen Price effective from Koha item type
          Mwanza Mwanza 20/10/2017   301 FRE 10000001179 20/10/2017 20/10/2017 BOOKS

IRDP © 2019 :: Managed by IRDP ICT Unit